| 000 | 00394nam a2200133Ia 4500 | ||
|---|---|---|---|
| 008 | 220204s9999 xx 000 0 und d | ||
| 082 |
_a632.9:001.814 _bBOR |
||
| 100 | _aBORKOVEC, Alexe J B | ||
| 245 | 0 | _aInsect chemosterilants | |
| 260 |
_aNew York _bInterscience _c1960 |
||
| 490 | _aAdvances in pest control research; v 7 Ed by R L Metcalf | ||
| 650 | _aInsect chemosterilants | ||
| 942 | _cBK | ||
| 999 |
_c21285 _d21285 |
||